Peligro en alta mar /
Guardado en:
| Autor Principal: | |
|---|---|
| Otros Autores: | , |
| Formato: | Libro |
| Publicado: |
Buenos Aires :
Letra Impresa,
2009.
|
| Series: | La Puerta Secreta ;
12 |
| Materias: | |
| Etiquetas: |
Agregar Etiqueta
Sin Etiquetas, Sea el primero en etiquetar este registro!
|
| LEADER | 00977nam a22002535a 4500 | ||
|---|---|---|---|
| 001 | CEM.cems019713 | ||
| 008 | 221012s2009####ag############000#0#####d | ||
| 005 | 20221012101429.0 | ||
| 245 | 1 | 0 | |a Peligro en alta mar / |c Emilio Salgari ; adaptado por Cristina Rosado ; ilustrado por Gabriel Molinari. |
| 260 | |a Buenos Aires : |b Letra Impresa, |c 2009. | ||
| 300 | |a 136 p. | ||
| 490 | 0 | |a La Puerta Secreta ; |v 12 | |
| 505 | 0 | |a La puerta secreta -- La llave maestra -- Peligro en alta mar -- Los secretos de Peligro en alta mar -- Nuevas puertas para abrir | |
| 020 | |a 9789871565047 | ||
| 100 | 1 | |a Salgari, Emilio. | |
| 700 | 1 | |a Rosado, Cristina; adap. | |
| 700 | 1 | |a Molinari, Gabriel; il. | |
| 082 | 0 | 4 | |a 853.9 |
| 653 | |a Literatura infantil | ||
| 653 | |a Literatura juvenil | ||
| 653 | |a Literatura Italiana | ||
| 653 | |a Novelas | ||
| 859 | |a CEMS |b BIB. CEMS - Inicial y Primaria |h 853.9 |i Sa329 |k IP |p 2432 |t Ej.1 | ||
| 859 | |a CEMS |b BIB. CEMS - Inicial y Primaria |h 853.9 |i Sa329 |k IP |p 3804 |t Ej.2 | ||
